000
00343nam a2200145Ia 4500
005
20250323174857.0
008
240331s9999 xx 000 0 und d
082
_b
PON
_a
894
100
_a
Ponnampalam, M
245
0
_a
Poriiyal ahappadda thesam
260
_a
Colombo
_b
Luxshmi Achagam
_c
2002
300
_a
44 p.,
650
_a
Poems
942
_c
L
999
_c
4072
_d
4072